000 00615nas a22002057a 4500
005 20260507134851.0
008 260507d2008 porun|pe|g||| 00| 0 por d
040 _cBR-ViAPE
110 _aA Gazeta
245 _aA Gazeta Casar com Estilo
260 _aVitória
_bA Gazeta
_c[2008?]-[2010?]
300 _av.
_bil.
362 _aabr. 2008 - mai. 2009
521 _aDisponibilizada apenas a imagem da capa na versão digital, em virtude de restrições de direitos autorais.
650 _aMulher
_xCasamento
651 _aEspírito Santo
_vPeriódicos
710 _aA Gazeta
942 _2ddc
_cPER
_n1
999 _c598
_d598